MARC details
| 000 -LEADER |
| fixed length control field |
00994nam a2200217 a 4500 |
| 008 - FIXED-LENGTH DATA ELEMENTS--GENERAL INFORMATION |
| fixed length control field |
130404s2011 ||||||||||||||||| || u |
| 020 ## - INTERNATIONAL STANDARD BOOK NUMBER |
| International Standard Book Number |
9789211170498 |
| 050 ## - LIBRARY OF CONGRESS CALL NUMBER |
| Classification number |
UN-ECE(08) |
| 110 ## - MAIN ENTRY--CORPORATE NAME |
| Corporate name or jurisdiction name as entry element |
United Nations Economic Commission for Europe (UNECE) |
| 245 10 - TITLE STATEMENT |
| Title |
Recommendations on harmonized Europe-wide technical requirements for inland navigation vessels: resolution number 61 |
| Statement of responsibility, etc. |
by United Nations Economic Commission for Europe [UN-ECE] |
| 260 ## - PUBLICATION, DISTRIBUTION, ETC. |
| Place of publication, distribution, etc. |
Geneva: |
| Name of publisher, distributor, etc. |
United Nations Economic Commission for Europe (UNECE) |
| Date of publication, distribution, etc. |
2011 |
| 300 ## - PHYSICAL DESCRIPTION |
| Extent |
vi, various pagings: ill. |
| 362 1# - DATES OF PUBLICATION AND/OR SEQUENTIAL DESIGNATION |
| Dates of publication and/or sequential designation |
<p>2011, Revision 1</p> |
| 490 ## - SERIES STATEMENT |
| Series statement |
Working Party on Inland Water Transport |
| 490 ## - SERIES STATEMENT |
| Volume/sequential designation |
61 |
| 650 ## - SUBJECT ADDED ENTRY--TOPICAL TERM |
| Topical term or geographic name entry element |
TRADE AGREEMENTS |
| 650 #0 - SUBJECT ADDED ENTRY--TOPICAL TERM |
| Topical term or geographic name entry element |
COMMERCE |
| 650 ## - SUBJECT ADDED ENTRY--TOPICAL TERM |
| Topical term or geographic name entry element |
INLAND NAVIGATION--STANDARDS--EUROPE |
| 650 ## - SUBJECT ADDED ENTRY--TOPICAL TERM |
| Topical term or geographic name entry element |
INLAND WATER TRANSPORTATION--STANDARDS--EUROPE |
| 995 ## - RECOMMENDATION 995 [LOCAL, UNIMARC FRANCE] |
| -- |
CBU-MAIN LIBRARY (Kitwe) |
| -- |
1 |
| -- |
AVAILABLE |
| -- |
Apr 4, 2013 |
| -- |
International Publications |